000 00728nam a22002297a 4500
005 20251013115731.0
008 251013b |||||||| |||| 00| 0 eng d
020 _a9788122432015
040 _cAL
041 _aEnglish
082 _a005.133
_bKHAC
100 _aRajiv Khanna
_9242109
245 _aComputer concepts and C programming
260 _aNew Delhi
_bNew Age International (p) Limited Publishers
_c2011
300 _axxiii,410p.
_bPB
_c24x18cm
365 _aABDI0818/25
_b₹150.00
_c
_d₹200.00
_e25%
_f03-10-2025
650 _aVTU Syllabus
_9242110
650 _aIncludes Computer Programming Laboratory
_9242111
650 _aC Programming
_9242112
700 _aShashidhara, M S
_9242113
942 _2ddc
_cBK
999 _c240535
_d240535